Survivor: Millennials-Gen X Contestants (Final Placements) - Statistics

General Stats
  • This quiz has been taken 348 times
  • The average score is 17 of 20
Answer Stats
Hint Answer % Correct
Winner Adam Klein
98%
Runner-Up (Female) Hannah Shapiro
97%
Runner-Up (Male) Kenneth "Ken" McNickle
97%
4th David Wright
95%
6th Justin "Jay" Starrett
94%
5th Bret LaBelle
91%
9th Zeke Smith
91%
10th Jessica Lewis
88%
7th Sunday Burquest
87%
12th Taylor Stocker
87%
15th Jessica "Figgy" Figueroa
86%
8th William "Will" Wahl
85%
11th Chris Hammons
83%
19th Mari Takahashi
83%
14th Michaela Bradshaw
78%
13th Michelle Schubert
76%
18th Paul Wachter
74%
16th Ciandre "CeCe" Taylor
71%
20th Rachel Ako
71%
17th Lucy Huang
70%
No matching quizzes found
Score Distribution
Percent of People with Each Score
Percentile by Number Answered
Your Score History
You have not taken this quiz